| 000 | 00485 a2200169 4500 | ||
|---|---|---|---|
| 005 | 20250414110253.0 | ||
| 020 | _a978-0-273-75918-8 | ||
| 082 | _a657 WOO | ||
| 100 | _aFRANK , W. | ||
| 245 | _aFranks Wood's Business Accounting | ||
| 250 | _a12nd Ed. | ||
| 260 |
_aHarlow, _bPearson Education Ltd, _c2012. |
||
| 300 |
_axxvii, 781p.: ill.; _bglossary, index, _c25cm. |
||
| 700 | _aSANGSTER , A. | ||
| 856 |
_yAccess Online Book _fAccounting _dwww.pearson.com/uk |
||
| 942 |
_2ddc _cBKS |
||
| 999 |
_c1373 _d1373 |
||